000 01243nam0a22002891 4500
001 rc\4987604
005 20260407122725.0
021 _aRU
_bРг8104-65
035 _a(NLR Aleph) 008970725
090 _a9123012
_c9123012
100 _a20130430d1965 |||y0rusy50 ca
101 0 _arus
102 _aRU
105 _ay z |||||
200 1 _aОпыт пропаганды знаний среди молодежи и школьников Ростова-на-Дону
_fО-во "Знание" РСФСР. Рост. обл. организация. Комис. по пропаганде знаний среди молодежи
210 _aРостов-на-Дону
_cБ. и.
_d1965
215 _a[1], 26 л.
_d31
225 1 _aМатериал в помощь лектору
300 _aОтпеч. множит. аппаратом
300 _aАвт. указан в конце текста
700 1 _aСалион
_bВ.А.
_gВалерий Афанасьевич
712 0 2 _a"Знание", общество РСФСР
_bРостовское областное отделение
_3RU\NLR\AUTH\889959508
_9415187
801 0 _aRU
_bNLR
_gpsbo
801 1 _aRU
_bELAR
_2rusmarc
852 _aNLR
_j65-9/196
942 _cBOOK
980 _aNB